Diccionario portugués español, español-portugués = (Record no. 196171)

MARC details
000 -LEADER
campo de control de longitud fija 02143nam a22004575i 4500
001 - NÚMERO DE CONTROL
campo de control 196171
003 - IDENTIFICADOR DE NÚMERO DE CONTROL
campo de control ES-MaACL
005 - FECHA Y HORA DE LA ÚLTIMA TRANSACCIÓN
campo de control 20250708182527.0
008 - DATOS DE LONGITUD FIJA--INFORMACIÓN GENERAL
campo de control de longitud fija 240816s1985 sp 000 0 spa d
017 ## - NÚMERO DE COPYRIGHT O DE DEPÓSITO LEGAL
Número de copyright o de depósito legal B-24303-1985
020 ## - NÚMERO INTERNACIONAL ESTÁNDAR DEL LIBRO
Número Internacional Estándar del Libro 843031024X (o.c.)
020 ## - NÚMERO INTERNACIONAL ESTÁNDAR DEL LIBRO
Número Internacional Estándar del Libro 8430310258 (T.I)
020 ## - NÚMERO INTERNACIONAL ESTÁNDAR DEL LIBRO
Número Internacional Estándar del Libro 8430310266 (T.II)
035 ## - NÚMERO DE CONTROL DEL SISTEMA
Número de control de sistema CSIC000053386
035 ## - NÚMERO DE CONTROL DEL SISTEMA
Número de control de sistema (ES-MaCSI)000053386MAD01-Aleph
035 ## - NÚMERO DE CONTROL DEL SISTEMA
Número de control de sistema (OCoLC)842215069
035 ## - NÚMERO DE CONTROL DEL SISTEMA
Número de control de sistema 990000533860204201
040 ## - FUENTE DE CATALOGACIÓN
Centro catalogador/agencia de origen ES-MaCSI
Lengua de catalogación spa
Centro/agencia transcriptor VL
080 ## - NÚMERO DE LA CLASIFICACIÓN DECIMAL UNIVERSAL
Número de la Clasificación Decimal Universal 806.0-3=690
080 ## - NÚMERO DE LA CLASIFICACIÓN DECIMAL UNIVERSAL
Número de la Clasificación Decimal Universal 806.90-3=60
100 0# - ENTRADA PRINCIPAL--NOMBRE DE PERSONA
Nombre de persona Ortega Cavero, David
9 (RLIN) 87447
245 10 - MENCIÓN DEL TÍTULO
Título Diccionario portugués español, español-portugués =
Resto del título Dicionario portugues-espanhol, espanhol-portugues /
Mención de responsabilidad, etc. David Ortega Cavero.
250 ## - MENCION DE EDICION
Mención de edición nueva ed./revisada y puesta al día por Julio de Conceiç o Fernandes
260 ## - PUBLICACIÓN, DISTRIBUCIÓN, ETC.
Lugar de publicación, distribución, etc. Barcelona :
Nombre del editor, distribuidor, etc. Ramon Sopena,
Fecha de publicación, distribución, etc. D.L. 1985.
300 ## - DESCRIPCIÓN FÍSICA
Extensión 2 v. ;
Dimensiones 25 cm.
336 ## - TIPO DE CONTENIDO
Fuente rdacontent
Término de tipo de contenido texto
337 ## - TIPO DE MEDIO
Fuente rdamedia
Nombre/término del tipo de medio sin mediación
338 ## - TIPO DE SOPORTE
Fuente rdacarrier
Nombre/término del tipo de soporte volumen
650 #4 - PUNTO DE ACCESO ADICIONAL DE MATERIA--TÉRMINO DE MATERIA
Término de materia o nombre geográfico como elemento de entrada Lengua española-
Subdivisión de forma Diccionarios-
Subdivisión general Portugués
Fuente del encabezamiento o término CSICAU
9 (RLIN) 14146
650 #4 - PUNTO DE ACCESO ADICIONAL DE MATERIA--TÉRMINO DE MATERIA
Término de materia o nombre geográfico como elemento de entrada Lengua portuguesa-
Subdivisión de forma Diccionarios-
Subdivisión general Español
Fuente del encabezamiento o término CSICAU
9 (RLIN) 14314
700 1# - ENTRADA AGREGADA--NOMBRE PERSONAL
Nombre de persona Fernandes, Julio da Conceiçao
9 (RLIN) 238420
740 01 - ENTRADA AGREGADA--TÍTULO RELACIONADO/ANALÍTICO NO CONTROLADO
Título relacionado o analítico no controlado Dicionário português-espanhol, espanhol-português
852 ## - LOCALIZACIÓN
Ubicación ES-MaACL
Sublocalización o colección R.152044
Ubicación en estantería Depósito J
Número de control de estantería N-9242
Marcas de propiedad Sellos y registro del Ministerio de Agricultura, Pesca y Alimentación
Donativo/Legado Donación: Ministerio de Agricultura, Pesca y Alimentación
Designación de la unidad física v.I
Encuadernación Encuadernación holandesa
itemnumber 203965
852 ## - LOCALIZACIÓN
Ubicación ES-MaACL
Sublocalización o colección R. 152044
Ubicación en estantería Depósito J
Número de control de estantería N-9243
Marcas de propiedad Sellos y registro del Ministerio de Agricultura, Pesca y Alimentación
Donativo/Legado Donación: Ministerio de Agricultura, Pesca y Alimentación
Designación de la unidad física v.II
Encuadernación Encuadernación holandesa
itemnumber 203966
914 ## - NOMBRE ENTIDAD DE DONANTE
RLIN 3840
Nombre de congreso/reunión o jurisdicción como elemento de entrada España.
Unidad subordinada Donante
942 ## - ELEMENTOS DE ENTRADA SECUNDARIOS (KOHA)
Fuente del sistema de clasificación o colocación Clasificación decimal universal
Tipo de ítem Koha Libro impreso
Suprimir en OPAC No
Holdings
Estatus retirado Estado de pérdida Fuente del sistema de clasificación o colocación Especificación de materiales (volumen encuadernado u otra parte) Estado de daño No para préstamo Biblioteca de origen Biblioteca actual Ubicación en estantería Fecha de adquisición Fuente de adquisición Total de préstamos Signatura topográfica completa Código de barras Visto por última vez Precio de reemplazo Tipo de ítem Koha
    Clasificación decimal universal v.1     Biblioteca del Ateneo de Madrid Biblioteca del Ateneo de Madrid Depósito J 16/08/2024 Donación   N-9242 101228919 16/08/2024 16/08/2024 Libro impreso
    Clasificación decimal universal v.2     Biblioteca del Ateneo de Madrid Biblioteca del Ateneo de Madrid Depósito J 16/08/2024 Donación   N-9243 101228920 16/08/2024 16/08/2024 Libro impreso